000 03707 a2200457 4500
005 20090519142840.0
008 090519t xxu||||| |||| 00| 0 eng d
010 _aENG-89127 B-309896-906
020 _a9780195694444
_c225.00
020 _a0195694449
_c225.00
035 _aEN-72660
035 _aB-309896-906
035 _aB-359129
037 _bDBAD / PUB
037 _bPansy Books
040 _adpl
_bEnglish
082 _a915.042
100 _aHarvey, L.P.
245 _aIbn Battuta /
_cby L.P. Harvey
260 _aNew Delhi
_bOxford University Press
_c2007
270 _aYMCA Library Building, Jai Singh Road
_bNew Delhi
_e110 001
300 _aviii, 127p.
_c22cm(pbk)
490 _aMakers of Islamic civilization/edited by Farhan A. Nizami
500 _aIncludes bibliographical references and index
942 _adpl
_cEN
_2ddc
_h915.042
_mHAR
999 _c10079
_d10079